Ausschnitte aus berühmten Musikvideos- Rockmusik - Statistiken

Allgemein
  • Dieses Quiz wurde 8 mal gespielt
  • Das Durchschnittsergebnis liegt bei 7 aus 16
Antwortstatistiken
Bildquiz Antwort % Korrekt
Smells like teen spirit
100%
Bohemian Rhapsody
83%
Another Brick in the wall
67%
Wonderwall
67%
Zombie
67%
Enter Sandman
50%
Thunderstruck
50%
Californication
33%
Chop Suey
33%
Money for Nothing
33%
Seven Nation Army
33%
Africa
17%
Black Hole Sun
17%
In the end
17%
Wind of Change
17%
Welcome to the jungle
0%
Keine übereinstimmenden Quizze gefunden
Verteilung der Resultate
Anzahl Personen mit jedem Resultat
Perzentil nach korrekt beantworteten Fragen
Ihre Resultats-Entwicklung
Sie haben dieses Quiz noch nicht gespielt